000 00348nam a22001217a 4500
008 180522b xxu||||| |||| 00| 0 eng d
041 _aeng
080 _a043.3
100 _a0
101 _aSHKI-BA
245 _aSistemet Virtuale (VMware dhe Microsoft Hyper - V) dhe ndikimi tyre ne Institucionet e vogla dhe te mesme
_cGashi, A
942 _2udc
_cBK
999 _c46190
_d46190